[Event "Buenos Aires Masters op"]
[Site "Buenos Aires"]
[Date "2024.06.20"]
[Round "6"]
[White "Duarte Fernandez, Agustin"]
[Black "Mahmud, Lihue Mateo"]
[Result "1-0"]
[WhiteElo "1992"]
[BlackElo "1879"]
[PlyCount "95"]
[EventDate "2024.06.17"]
[EventType "swiss"]
[EventRounds "9"]
[EventCountry "ARG"]
[SourceTitle "CBM 220 Extra"]
[Source "ChessBase"]
[SourceDate "2024.07.31"]
[SourceVersion "1"]
[SourceVersionDate "2024.07.31"]
[SourceQuality "1"]

1. d4 d5 2. Bf4 c5 3. e3 Nc6 4. c3 Nf6 5. Nf3 Qb6 6. Qc1 cxd4 7. exd4 Bf5 8. Nbd2 h6 9. h3 Bh7 10. a3 e6 11. g4 Ne4 12. Bg2 Be7 13. 0-0 0-0 14. Ne5 Nxd2 15. Qxd2 Nxe5 16. Bxe5 Bd6 17. Rfe1 Bxe5 18. Rxe5 Qb3 19. f4 Qc2 20. Qxc2 Bxc2 21. f5 Bb3 22. fxe6 f6 23. Rxd5 Bxd5 24. Bxd5 Rfd8 25. Bxb7 Rab8 26. Bc6 Kf8 27. b4 Ke7 28. d5 Rbc8 29. b5 Kd6 30. c4 Rc7 31. Re1 Re7 32. Kf2 Kc5 33. Re4 Rf8 34. Ke3 g5 35. Rd4 f5 36. gxf5 Rxf5 37. Bd7 Kd6 38. c5+ Kxc5 39. d6 Rxd7 40. exd7 Rf8 41. Ke4 Rd8 42. Ke5 Rxd7 43. Rd5+ Kc4 44. Ke6 Rd8 45. d7 Rg8 46. d8Q Rxd8 47. Rxd8 Kxb5 48. Rh8 1-0

[Event "Buenos Aires Masters op"]
[Site "Buenos Aires"]
[Date "2024.06.18"]
[Round "3"]
[White "Mahmud, Lihue Mateo"]
[Black "Suasnabar, Jesus"]
[Result "1/2-1/2"]
[WhiteElo "1879"]
[BlackElo "2036"]
[PlyCount "70"]
[EventDate "2024.06.17"]
[EventType "swiss"]
[EventRounds "9"]
[EventCountry "ARG"]
[SourceTitle "CBM 220 Extra"]
[Source "ChessBase"]
[SourceDate "2024.07.31"]
[SourceVersion "1"]
[SourceVersionDate "2024.07.31"]
[SourceQuality "1"]

1. e4 c5 2. Nf3 a6 3. c3 g6 4. d4 cxd4 5. cxd4 d5 6. e5 Bg4 7. Nbd2 Bg7 8. h3 Bxf3 9. Nxf3 e6 10. Be2 Ne7 11. Bf4 Nbc6 12. Qd2 Qa5 13. Qxa5 Nxa5 14. 0-0 0-0 15. Bg5 Nac6 16. Bd3 Rac8 17. Rac1 h6 18. Bd2 Nf5 19. Bxf5 gxf5 20. Rfe1 Kh7 21. Kf1 Rfe8 22. Bc3 Bf8 23. a3 b5 24. Bd2 Ne7 25. Rxc8 Rxc8 26. Rc1 Rxc1+ 27. Bxc1 Nc8 28. Ke2 Nb6 29. b3 Kg6 30. Kd3 Be7 31. Bb2 h5 32. Bc1 f4 33. Bb2 Kf5 34. Bc1 a5 35. Bd2 a4 1/2-1/2

[Event "Buenos Aires Masters op"]
[Site "Buenos Aires"]
[Date "2024.06.17"]
[Round "2"]
[White "Chocala, Thiago Ignacio"]
[Black "Mahmud, Lihue Mateo"]
[Result "0-1"]
[WhiteElo "1591"]
[BlackElo "1879"]
[PlyCount "58"]
[EventDate "2024.06.17"]
[EventType "swiss"]
[EventRounds "9"]
[EventCountry "ARG"]
[SourceTitle "CBM 220 Extra"]
[Source "ChessBase"]
[SourceDate "2024.07.31"]
[SourceVersion "1"]
[SourceVersionDate "2024.07.31"]
[SourceQuality "1"]

1. e4 c5 2. Nf3 Nc6 3. d4 cxd4 4. Nxd4 e5 5. Nb5 d6 6. N1c3 a6 7. Na3 b5 8. Nd5 Nf6 9. Bg5 Be7 10. Bxf6 Bxf6 11. c4 b4 12. Nc2 a5 13. Nce3 0-0 14. Be2 Nd4 15. 0-0 Be6 16. Bg4 Rc8 17. b3 g6 18. f4 exf4 19. Rxf4 Be5 20. Bxe6 fxe6 21. Rxf8+ Qxf8 22. Rb1 exd5 23. Nxd5 Qf7 24. Qg4 Rf8 25. Qd1 Qf2+ 26. Kh1 Qh4 27. h3 Qg3 28. Qg1 Ne2 29. Ne7+ Kh8 0-1

[Event "Colon Entrerriano op"]
[Site "Colon"]
[Date "2023.06.23"]
[Round "1"]
[White "Mahmud, Lihue Mateo"]
[Black "Tiengo, Jeremias"]
[Result "1-0"]
[WhiteElo "1817"]
[BlackElo "1421"]
[PlyCount "55"]
[EventDate "2023.06.23"]
[EventType "swiss"]
[EventRounds "6"]
[EventCountry "ARG"]
[SourceTitle "EXT 2024"]
[Source "ChessBase"]
[SourceDate "2023.10.10"]
[SourceVersion "1"]
[SourceVersionDate "2023.10.10"]
[SourceQuality "1"]

1. e4 e5 2. Nf3 d6 3. d4 exd4 4. Nxd4 Nf6 5. Nc3 g6 6. Be2 Bg7 7. Be3 0-0 8. Qd2 Re8 9. 0-0-0 Nc6 10. h3 Bd7 11. g4 Rc8 12. h4 h5 13. g5 Nh7 14. Nxc6 Bxc6 15. Bd4 a6 16. Bxg7 Kxg7 17. Qd4+ Kg8 18. Bc4 Bd7 19. f4 Nf8 20. f5 gxf5 21. g6 Nxg6 22. Rhg1 Kh7 23. Bxf7 Rg8 24. Bxg6+ Kh6 25. Qe3+ Kg7 26. Bxf5+ Kf7 27. Rxg8 Kxg8 28. Qg5+ 1-0